|
|
|
|
| LEADER |
01402nam a2200301 a 4500 |
| 001 |
4870752 |
| 008 |
091006r20001992nyu 000 1 eng d |
| 010 |
|
|
|a 92041012
|
| 020 |
|
|
|a 0679409483
|
| 020 |
|
|
|a 0385720378
|
| 020 |
|
|
|a 9780385720373
|
| 040 |
|
|
|a DLC
|c DLC
|d DLC
|d OCoLC
|
| 082 |
0 |
0 |
|a 823/.914
|2 20
|
| 100 |
1 |
|
|a Soueif, Ahdaf.
|
| 245 |
1 |
0 |
|a In the eye of the sun /
|c Ahdaf Soueif.
|
| 250 |
|
|
|a 1st American ed.
|
| 260 |
|
|
|a New York :
|b Pantheon Books, ;
|b Anchor books,
|c c1992 [reprinted 2000]
|
| 300 |
|
|
|a xvii, 791 p. ;
|c 25 cm.
|
| 500 |
|
|
|a "Originally published in Great Britain by Bloomsbury Publishing Ltd., London in 1992"--T.p. verso.
|
| 541 |
1 |
|
|e 00019297
|
| 650 |
|
0 |
|a Egyptians
|z England
|x Fiction.
|
| 651 |
|
0 |
|a Egypt
|x Fiction.
|
| 651 |
|
0 |
|a England
|x Fiction.
|
| 655 |
|
7 |
|a Historical fiction.
|2 gsafd
|
| 852 |
4 |
|
|a Ayesha Abed Library
|j General shelf
|
| 999 |
|
|
|c 4251
|d 4251
|
| 952 |
|
|
|0 0
|1 0
|2 ddc
|4 0
|6 823_914000000000000_SOU
|7 0
|9 3919
|a BRACUL
|b BRACUL
|c GEN
|d 2009-10-05
|e Karim Interantional
|l 1
|o 823.914 SOU
|p 3010019297
|r 2014-05-14
|s 2013-02-18
|t 1
|w 2009-10-06
|y BK
|x Transferred from ENH to Ayesha Abed library on 20/12/2023
|
| 952 |
|
|
|0 0
|1 0
|2 ddc
|4 0
|6 823_914000000000000_SOU
|7 0
|9 44115
|a BRACUL
|b BRACUL
|c GEN
|d 2014-11-22
|e BRAC Institute of Language (BIL)
|l 4
|m 7
|o 823.914 SOU
|p 3010028580
|q 2026-06-17
|r 2025-10-20
|s 2025-10-20
|t 2
|w 2014-11-22
|y BK
|x Transferred from BIL to BRACUL on 06/06/22
|